000 00835nam a2200253Ia 4500
003 OSt
005 20220930070432.0
006 a|||||r|||| 00| 0
007 ta
008 220926b |||||||| |||| 00| 0 eng d
024 _a7006
037 _cTheses
040 _aCRL
_cCRL
_beng
041 _2eng
_aeng
100 _aRamesh Chand
110 _aUniversity of Delhi. Faculty of Medical Sciences. Department of Dermatology
_9521121
245 0 _aClinical psoriasis and its biochemical profile of serum uric acid, calcium and phosphorus
260 _c1982
650 _aSKIN - DISEASES
700 _a Dr V N Sehgal Supervisor
_9521122
700 _aUniversity of Delhi. Faculty of Medical Sciences. Department of Dermatology
_9521123
942 _cDIS
_2CC
999 _c860918
_d860918